<?xml version="1.0" encoding="UTF-8"?>
<record
    xmlns:xsi="http://www.w3.org/2001/XMLSchema-instance"
    xsi:schemaLocation="http://www.loc.gov/MARC21/slim http://www.loc.gov/standards/marcxml/schema/MARC21slim.xsd"
    xmlns="http://www.loc.gov/MARC21/slim">

  <leader>01161    a2200253   4500</leader>
  <datafield tag="999" ind1=" " ind2=" ">
    <subfield code="c">97470</subfield>
    <subfield code="d">97470</subfield>
  </datafield>
  <controlfield tag="003">NALT</controlfield>
  <controlfield tag="005">20250623092533.0</controlfield>
  <controlfield tag="008">200730b           ||||| |||| 00| 0 tha d</controlfield>
  <datafield tag="020" ind1=" " ind2=" ">
    <subfield code="a">9786167242750</subfield>
  </datafield>
  <datafield tag="040" ind1=" " ind2=" ">
    <subfield code="a">NALT</subfield>
  </datafield>
  <datafield tag="090" ind1=" " ind2=" ">
    <subfield code="a">KS 15</subfield>
    <subfield code="b">&#xE2A;832&#xE04; 2562</subfield>
  </datafield>
  <datafield tag="100" ind1="0" ind2=" ">
    <subfield code="a">&#xE2A;&#xE38;&#xE1E;&#xE34;&#xE28; &#xE1B;&#xE23;&#xE32;&#xE13;&#xE35;&#xE15;&#xE1E;&#xE25;&#xE01;&#xE23;&#xE31;&#xE07;</subfield>
    <subfield code="9">5948</subfield>
  </datafield>
  <datafield tag="245" ind1="1" ind2="0">
    <subfield code="a">Criminal Law : </subfield>
    <subfield code="b">&#xE04;&#xE27;&#xE32;&#xE21;&#xE1C;&#xE34;&#xE14;&#xE10;&#xE32;&#xE19; &#xE04;&#xE14;&#xE35;&#xE1A;&#xE38;&#xE01;&#xE23;&#xE38;&#xE01; &#xE04;&#xE14;&#xE35;&#xE23;&#xE31;&#xE1A;&#xE02;&#xE2D;&#xE07;&#xE42;&#xE08;&#xE23; /</subfield>
    <subfield code="c">&#xE2A;&#xE38;&#xE1E;&#xE34;&#xE28; &#xE1B;&#xE23;&#xE32;&#xE13;&#xE35;&#xE15;&#xE1E;&#xE25;&#xE01;&#xE23;&#xE31;&#xE07;.</subfield>
  </datafield>
  <datafield tag="246" ind1="1" ind2="8">
    <subfield code="a">&#xE04;&#xE27;&#xE32;&#xE21;&#xE1C;&#xE34;&#xE14;&#xE10;&#xE32;&#xE19; &#xE04;&#xE14;&#xE35;&#xE1A;&#xE38;&#xE01;&#xE23;&#xE38;&#xE01;-&#xE04;&#xE14;&#xE35;&#xE23;&#xE31;&#xE1A;&#xE02;&#xE2D;&#xE07;&#xE42;&#xE08;&#xE23;.</subfield>
  </datafield>
  <datafield tag="250" ind1=" " ind2=" ">
    <subfield code="a">&#xE1E;&#xE34;&#xE21;&#xE1E;&#xE4C;&#xE04;&#xE23;&#xE31;&#xE49;&#xE07;&#xE17;&#xE35;&#xE48; 3</subfield>
  </datafield>
  <datafield tag="260" ind1=" " ind2=" ">
    <subfield code="a">&#xE01;&#xE23;&#xE38;&#xE07;&#xE40;&#xE17;&#xE1E;&#xE2F; :</subfield>
    <subfield code="b">&#xE1A;&#xE31;&#xE13;&#xE11;&#xE34;&#xE15;&#xE2D;&#xE31;&#xE01;&#xE29;&#xE23;,</subfield>
    <subfield code="c">2562.</subfield>
  </datafield>
  <datafield tag="300" ind1=" " ind2=" ">
    <subfield code="a">245 &#xE2B;&#xE19;&#xE49;&#xE32; ;</subfield>
    <subfield code="c">26 &#xE0B;&#xE21;.</subfield>
  </datafield>
  <datafield tag="650" ind1=" " ind2="4">
    <subfield code="9">9965</subfield>
    <subfield code="a">&#xE04;&#xE27;&#xE32;&#xE21;&#xE1C;&#xE34;&#xE14;&#xE40;&#xE01;&#xE35;&#xE48;&#xE22;&#xE27;&#xE01;&#xE31;&#xE1A;&#xE17;&#xE23;&#xE31;&#xE1E;&#xE22;&#xE4C;</subfield>
  </datafield>
  <datafield tag="650" ind1=" " ind2="4">
    <subfield code="9">46463</subfield>
    <subfield code="a">&#xE01;&#xE32;&#xE23;&#xE1A;&#xE38;&#xE01;&#xE23;&#xE38;&#xE01;</subfield>
  </datafield>
  <datafield tag="650" ind1=" " ind2="0">
    <subfield code="a">&#xE01;&#xE0E;&#xE2B;&#xE21;&#xE32;&#xE22;&#xE2D;&#xE32;&#xE0D;&#xE32;</subfield>
    <subfield code="9">49366</subfield>
  </datafield>
  <datafield tag="850" ind1=" " ind2=" ">
    <subfield code="a">NALT</subfield>
  </datafield>
  <datafield tag="942" ind1=" " ind2=" ">
    <subfield code="2">local</subfield>
    <subfield code="c">LB</subfield>
  </datafield>
  <datafield tag="998" ind1=" " ind2=" ">
    <subfield code="c">103</subfield>
    <subfield code="j">104</subfield>
    <subfield code="k"> &#xE19;&#xE32;&#xE07;&#xE2A;&#xE32;&#xE27;&#xE2A;&#xE32;&#xE22;&#xE1D;&#xE19;  &#xE14;&#xE35;&#xE07;&#xE32;&#xE21;</subfield>
  </datafield>
  <datafield tag="952" ind1=" " ind2=" ">
    <subfield code="0">0</subfield>
    <subfield code="1">0</subfield>
    <subfield code="2">local</subfield>
    <subfield code="4">0</subfield>
    <subfield code="7">0</subfield>
    <subfield code="8">CLAW</subfield>
    <subfield code="a">NALT</subfield>
    <subfield code="b">NALT</subfield>
    <subfield code="c">LAW</subfield>
    <subfield code="d">2020-07-29</subfield>
    <subfield code="e">59</subfield>
    <subfield code="l">0</subfield>
    <subfield code="o">KS 15 &#xE2A;832&#xE04; 2562</subfield>
    <subfield code="p">3961211208</subfield>
    <subfield code="r">2020-08-10 00:00:00</subfield>
    <subfield code="w">2020-07-29</subfield>
    <subfield code="y">LB</subfield>
  </datafield>
</record>
